[Event "ABC-4 2025 Groep B"]
[Site "Utrecht"]
[Date "2025.03.16"]
[Round "6.1"]
[White "Kolijn, David"]
[Black "Teianu, Maxim"]
[Result "0-1"]
[WhiteFideId "8881345"]
[BlackFideId "8926093"]
[WhiteElo "1900"]
[BlackElo "1986"]

1. e4 {[%clk 00:55:14]} {[%emt 00:00:05]} e6 {[%clk 00:55:16]} {[%emt
00:00:05]} 2. d4 {[%clk 00:55:19]} {[%emt 00:00:04]} d5 {[%clk 00:55:23]}
{[%emt 00:00:04]} 3. Nd2 {[%clk 00:55:23]} {[%emt 00:00:05]} dxe4 {[%clk
00:55:17]} {[%emt 00:00:16]} 4. Nxe4 {[%clk 00:55:25]} {[%emt 00:00:07]} Bd7
{[%clk 00:55:25]} {[%emt 00:00:04]} 5. Bd3 {[%clk 00:55:20]} {[%emt 00:00:14]}
Bc6 {[%clk 00:55:21]} {[%emt 00:00:14]} 6. Nf3 {[%clk 00:54:11]} {[%emt
00:01:16]} Nd7 {[%clk 00:55:16]} {[%emt 00:00:18]} 7. c3 {[%clk 00:49:01]}
{[%emt 00:05:19]} Ngf6 {[%clk 00:54:00]} {[%emt 00:01:26]} 8. Qc2 {[%clk
00:46:49]} {[%emt 00:02:22]} Nxe4 {[%clk 00:53:03]} {[%emt 00:01:07]} 9. Bxe4
{[%clk 00:46:51]} {[%emt 00:00:08]} Bxe4 {[%clk 00:53:07]} {[%emt 00:00:06]} 10.
Qxe4 {[%clk 00:46:52]} {[%emt 00:00:08]} c6 {[%clk 00:53:05]} {[%emt 00:00:13]}
11. Bf4 {[%clk 00:46:08]} {[%emt 00:00:53]} Nf6 {[%clk 00:52:52]} {[%emt
00:00:23]} 12. Qe2 {[%clk 00:45:11]} {[%emt 00:01:06]} Bd6 {[%clk 00:49:56]}
{[%emt 00:03:07]} 13. Bxd6 {[%clk 00:44:51]} {[%emt 00:00:30]} Qxd6 {[%clk
00:50:00]} {[%emt 00:00:06]} 14. O-O {[%clk 00:43:51]} {[%emt 00:01:10]} O-O
{[%clk 00:49:32]} {[%emt 00:00:38]} 15. Rfe1 {[%clk 00:42:43]} {[%emt
00:01:17]} Rad8 {[%clk 00:49:09]} {[%emt 00:00:34]} 16. Qe5 {[%clk 00:39:47]}
{[%emt 00:03:06]} Qd5 {[%clk 00:46:49]} {[%emt 00:02:30]} 17. Qxd5 {[%clk
00:36:40]} {[%emt 00:03:17]} cxd5 {[%clk 00:46:53]} {[%emt 00:00:07]} 18. Ne5
{[%clk 00:36:17]} {[%emt 00:00:32]} Rc8 {[%clk 00:46:36]} {[%emt 00:00:28]} 19.
f3 {[%clk 00:35:36]} {[%emt 00:00:50]} Rc7 {[%clk 00:45:05]} {[%emt 00:01:41]}
20. Kf2 {[%clk 00:32:29]} {[%emt 00:03:17]} Rb8 {[%clk 00:44:24]} {[%emt
00:00:51]} 21. Ke2 {[%clk 00:30:10]} {[%emt 00:02:29]} Ne8 {[%clk 00:43:24]}
{[%emt 00:01:10]} 22. Kd2 {[%clk 00:27:14]} {[%emt 00:03:07]} Nd6 {[%clk
00:42:46]} {[%emt 00:00:49]} 23. a3 {[%clk 00:22:21]} {[%emt 00:05:02]} Nc4+
{[%clk 00:40:32]} {[%emt 00:02:23]} 24. Nxc4 {[%clk 00:22:17]} {[%emt
00:00:14]} Rxc4 {[%clk 00:40:21]} {[%emt 00:00:21]} 25. Kd3 {[%clk 00:21:43]}
{[%emt 00:00:44]} b5 {[%clk 00:39:32]} {[%emt 00:01:01]} 26. Rac1 {[%clk
00:13:46]} {[%emt 00:08:06]} a5 {[%clk 00:38:13]} {[%emt 00:01:29]} 27. b3
{[%clk 00:11:10]} {[%emt 00:02:45]} Rc6 {[%clk 00:38:08]} {[%emt 00:00:15]} 28.
Re2 {[%clk 00:10:00]} {[%emt 00:01:19]} Kf8 {[%clk 00:37:09]} {[%emt 00:01:10]}
29. Rec2 {[%clk 00:09:02]} {[%emt 00:01:08]} Ke7 {[%clk 00:35:47]} {[%emt
00:01:34]} 30. c4 {[%clk 00:08:14]} {[%emt 00:00:57]} bxc4+ {[%clk 00:35:46]}
{[%emt 00:00:11]} 31. bxc4 {[%clk 00:08:18]} {[%emt 00:00:06]} Rb3+ {[%clk
00:35:49]} {[%emt 00:00:08]} 32. Rc3 {[%clk 00:07:48]} {[%emt 00:00:39]} dxc4+
{[%clk 00:35:33]} {[%emt 00:00:26]} 33. Kd2 {[%clk 00:06:17]} {[%emt 00:01:42]}
Kd6 {[%clk 00:34:54]} {[%emt 00:00:49]} 34. Rxb3 {[%clk 00:02:39]} {[%emt
00:03:48]} cxb3 {[%clk 00:34:58]} {[%emt 00:00:06]} 35. Rxc6+ {[%clk 00:02:24]}
{[%emt 00:00:25]} Kxc6 {[%clk 00:35:05]} {[%emt 00:00:03]} 36. a4 {[%clk
00:02:27]} {[%emt 00:00:06]} Kd5 {[%clk 00:35:12]} {[%emt 00:00:04]} 37. Kc3
{[%clk 00:02:28]} {[%emt 00:00:08]} b2 {[%clk 00:35:19]} {[%emt 00:00:03]} 38.
Kxb2 {[%clk 00:02:36]} {[%emt 00:00:02]} Kxd4 {[%clk 00:35:25]} {[%emt
00:00:04]} 0-1

[Event "ABC-4 2025 Groep B"]
[Site "Utrecht"]
[Date "2025.03.16"]
[Round "6.2"]
[White "Darie, Aden"]
[Black "Hallibert, Emilien"]
[Result "1-0"]
[WhiteFideId "8971622"]
[BlackFideId "8872523"]
[WhiteElo "1878"]
[BlackElo "2003"]

1. e4 {[%clk 00:55:18]} {[%emt 00:00:01]} c6 {[%clk 00:55:16]} {[%emt
00:00:04]} 2. d4 {[%clk 00:55:22]} {[%emt 00:00:06]} d5 {[%clk 00:55:24]}
{[%emt 00:00:01]} 3. e5 {[%clk 00:55:26]} {[%emt 00:00:06]} c5 {[%clk
00:55:32]} {[%emt 00:00:03]} 4. Nf3 {[%clk 00:55:31]} {[%emt 00:00:05]} Nc6
{[%clk 00:53:49]} {[%emt 00:01:53]} 5. c4 {[%clk 00:55:34]} {[%emt 00:00:07]}
cxd4 {[%clk 00:53:53]} {[%emt 00:00:06]} 6. Nxd4 {[%clk 00:55:38]} {[%emt
00:00:06]} e6 {[%clk 00:54:03]} {[%emt 00:00:01]} 7. Nc3 {[%clk 00:55:40]}
{[%emt 00:00:08]} Bc5 {[%clk 00:54:12]} {[%emt 00:00:01]} 8. Nxc6 {[%clk
00:55:40]} {[%emt 00:00:10]} bxc6 {[%clk 00:54:15]} {[%emt 00:00:07]} 9. Qg4
{[%clk 00:55:47]} {[%emt 00:00:03]} g6 {[%clk 00:53:06]} {[%emt 00:01:19]} 10.
Bd3 {[%clk 00:55:48]} {[%emt 00:00:08]} Bf8 {[%clk 00:46:20]} {[%emt 00:06:56]}
11. f4 {[%clk 00:53:02]} {[%emt 00:02:56]} Bg7 {[%clk 00:45:41]} {[%emt
00:00:55]} 12. Qe2 {[%clk 00:52:33]} {[%emt 00:00:34]} a6 {[%clk 00:44:16]}
{[%emt 00:01:36]} 13. O-O {[%clk 00:51:02]} {[%emt 00:01:39]} Ne7 {[%clk
00:42:06]} {[%emt 00:02:21]} 14. c5 {[%clk 00:50:48]} {[%emt 00:00:25]} O-O
{[%clk 00:36:21]} {[%emt 00:05:54]} 15. a3 {[%clk 00:50:52]} {[%emt 00:00:06]}
a5 {[%clk 00:34:11]} {[%emt 00:02:20]} 16. Na4 {[%clk 00:50:46]} {[%emt
00:00:16]} f6 {[%clk 00:32:22]} {[%emt 00:01:59]} 17. Nb6 {[%clk 00:50:29]}
{[%emt 00:00:27]} Ra7 {[%clk 00:32:13]} {[%emt 00:00:19]} 18. h4 {[%clk
00:48:42]} {[%emt 00:01:57]} fxe5 {[%clk 00:31:08]} {[%emt 00:01:16]} 19. fxe5
{[%clk 00:48:39]} {[%emt 00:00:13]} Rxf1+ {[%clk 00:31:16]} {[%emt 00:00:02]}
20. Kxf1 {[%clk 00:48:12]} {[%emt 00:00:36]} Nf5 {[%clk 00:30:07]} {[%emt
00:01:19]} 21. Bxf5 {[%clk 00:47:20]} {[%emt 00:01:02]} exf5 {[%clk 00:29:37]}
{[%emt 00:00:40]} 22. Bg5 {[%clk 00:46:52]} {[%emt 00:00:38]} Qe8 {[%clk
00:27:58]} {[%emt 00:01:49]} 23. Nxc8 {[%clk 00:46:57]} {[%emt 00:00:05]} Qxc8
{[%clk 00:28:07]} {[%emt 00:00:01]} 24. e6 {[%clk 00:44:35]} {[%emt 00:02:31]}
h6 {[%clk 00:25:18]} {[%emt 00:02:59]} 25. e7 {[%clk 00:39:54]} {[%emt
00:04:51]} Qe8 {[%clk 00:22:20]} {[%emt 00:03:08]} 26. Qe6+ {[%clk 00:39:54]}
{[%emt 00:00:09]} Kh7 {[%clk 00:21:24]} {[%emt 00:01:07]} 27. h5 {[%clk
00:39:49]} {[%emt 00:00:16]} Ra8 {[%clk 00:16:46]} {[%emt 00:04:48]} 28. Bf6
{[%clk 00:38:17]} {[%emt 00:01:41]} Qg8 {[%clk 00:11:32]} {[%emt 00:05:24]} 29.
Qxc6 {[%clk 00:36:55]} {[%emt 00:01:32]} Rc8 {[%clk 00:07:40]} {[%emt
00:04:01]} 30. Qd6 {[%clk 00:36:39]} {[%emt 00:00:26]} Qf7 {[%clk 00:06:35]}
{[%emt 00:01:16]} 31. Bxg7 {[%clk 00:36:35]} {[%emt 00:00:14]} Kxg7 {[%clk
00:06:28]} {[%emt 00:00:17]} 32. Re1 {[%clk 00:36:36]} {[%emt 00:00:09]} f4
{[%clk 00:05:35]} {[%emt 00:01:03]} 33. Qe5+ {[%clk 00:36:12]} {[%emt
00:00:34]} Kh7 {[%clk 00:05:32]} {[%emt 00:00:13]} 34. e8=Q {[%clk 00:36:09]}
{[%emt 00:00:13]} 1-0

[Event "ABC-4 2025 Groep B"]
[Site "Utrecht"]
[Date "2025.03.16"]
[Round "6.3"]
[White "Garay, Enzo"]
[Black "Haque, Nishaaz"]
[Result "0-1"]
[WhiteFideId "8989948"]
[BlackFideId "8874591"]
[WhiteElo "1978"]
[BlackElo "1874"]

1. Nf3 {[%clk 00:54:39]} {[%emt 00:00:39]} d5 {[%clk 00:53:54]} {[%emt
00:01:26]} 2. d4 {[%clk 00:54:40]} {[%emt 00:00:10]} e6 {[%clk 00:53:58]}
{[%emt 00:00:07]} 3. Bf4 {[%clk 00:54:45]} {[%emt 00:00:05]} Nf6 {[%clk
00:53:44]} {[%emt 00:00:24]} 4. e3 {[%clk 00:54:42]} {[%emt 00:00:13]} c5
{[%clk 00:53:52]} {[%emt 00:00:02]} 5. c3 {[%clk 00:54:48]} {[%emt 00:00:04]}
Bd6 {[%clk 00:53:51]} {[%emt 00:00:11]} 6. Ne5 {[%clk 00:54:52]} {[%emt
00:00:06]} Qc7 {[%clk 00:53:51]} {[%emt 00:00:10]} 7. Nd2 {[%clk 00:54:32]}
{[%emt 00:00:31]} Nfd7 {[%clk 00:53:46]} {[%emt 00:00:15]} 8. Nxd7 {[%clk
00:50:07]} {[%emt 00:04:35]} Nxd7 {[%emt 00:00:30]} 9. Bxd6 {[%clk 00:47:46]}
{[%emt 00:02:30]} Qxd6 {[%clk 00:53:36]} {[%emt 00:00:02]} 10. Qg4 {[%clk
00:47:43]} {[%emt 00:00:13]} O-O {[%clk 00:51:56]} {[%emt 00:01:50]} 11. Be2
{[%clk 00:44:41]} {[%emt 00:03:12]} e5 {[%clk 00:50:33]} {[%emt 00:01:33]} 12.
O-O {[%clk 00:44:24]} {[%emt 00:00:26]} Re8 {[%clk 00:46:03]} {[%emt 00:04:41]}
13. Qg3 {[%clk 00:43:15]} {[%emt 00:01:19]} Qb6 {[%clk 00:44:26]} {[%emt
00:01:46]} 14. dxe5 {[%clk 00:36:19]} {[%emt 00:07:07]} Qxb2 {[%clk 00:43:53]}
{[%emt 00:00:44]} 15. Rfd1 {[%clk 00:36:20]} {[%emt 00:00:08]} Nxe5 {[%clk
00:42:43]} {[%emt 00:01:21]} 16. Nf3 {[%clk 00:35:01]} {[%emt 00:01:28]} Qxc3
{[%clk 00:39:42]} {[%emt 00:03:11]} 17. Rac1 {[%clk 00:34:53]} {[%emt
00:00:18]} Qb2 {[%clk 00:35:12]} {[%emt 00:04:39]} 18. Nxe5 {[%clk 00:34:49]}
{[%emt 00:00:15]} Qxe5 {[%clk 00:34:41]} {[%emt 00:00:41]} 19. Rxc5 {[%clk
00:34:40]} {[%emt 00:00:19]} Qxg3 {[%clk 00:34:39]} {[%emt 00:00:13]} 20. hxg3
{[%clk 00:34:45]} {[%emt 00:00:03]} Be6 {[%clk 00:34:37]} {[%emt 00:00:13]} 21.
Rc7 {[%clk 00:34:46]} {[%emt 00:00:10]} b6 {[%clk 00:34:27]} {[%emt 00:00:19]}
22. Bf3 {[%clk 00:34:43]} {[%emt 00:00:13]} Rec8 {[%clk 00:34:21]} {[%emt
00:00:16]} 23. Bxd5 {[%clk 00:31:32]} {[%emt 00:03:21]} Rxc7 {[%clk 00:34:01]}
{[%emt 00:00:29]} 24. Bxa8 {[%clk 00:31:37]} {[%emt 00:00:05]} Rc8 {[%clk
00:34:00]} {[%emt 00:00:08]} 25. Bb7 {[%clk 00:31:02]} {[%emt 00:00:48]} Rb8
{[%clk 00:33:33]} {[%emt 00:00:36]} 26. Bd5 {[%clk 00:28:38]} {[%emt 00:02:35]}
Rd8 {[%clk 00:29:33]} {[%emt 00:04:10]} 27. e4 {[%clk 00:28:45]} {[%emt
00:00:03]} Kf8 {[%clk 00:29:27]} {[%emt 00:00:16]} 28. Kf1 {[%clk 00:28:52]}
{[%emt 00:00:04]} Bxd5 {[%clk 00:29:26]} {[%emt 00:00:11]} 29. exd5 {[%clk
00:28:50]} {[%emt 00:00:12]} Ke7 {[%clk 00:29:09]} {[%emt 00:00:27]} 30. Ke2
{[%clk 00:28:57]} {[%emt 00:00:03]} Kd6 {[%clk 00:29:11]} {[%emt 00:00:08]} 31.
Ke3 {[%clk 00:29:02]} {[%emt 00:00:05]} Rc8 {[%clk 00:29:08]} {[%emt 00:00:12]}
32. Rd2 {[%clk 00:28:51]} {[%emt 00:00:21]} Rc5 {[%clk 00:28:45]} {[%emt
00:00:33]} 33. Ke4 {[%clk 00:27:52]} {[%emt 00:01:10]} f5+ {[%clk 00:28:43]}
{[%emt 00:00:12]} 34. Kxf5 {[%clk 00:27:37]} {[%emt 00:00:25]} Rxd5+ {[%clk
00:28:49]} {[%emt 00:00:04]} 35. Rxd5+ {[%clk 00:27:42]} {[%emt 00:00:05]} Kxd5
{[%clk 00:28:55]} {[%emt 00:00:04]} 36. g4 {[%clk 00:27:31]} {[%emt 00:00:21]}
b5 {[%clk 00:28:56]} {[%emt 00:00:09]} 37. g5 {[%clk 00:27:25]} {[%emt
00:00:16]} b4 {[%clk 00:28:56]} {[%emt 00:00:11]} 38. g6 {[%clk 00:27:22]}
{[%emt 00:00:12]} h6 {[%clk 00:29:01]} {[%emt 00:00:05]} 39. f4 {[%clk
00:27:28]} {[%emt 00:00:05]} a5 {[%clk 00:29:05]} {[%emt 00:00:06]} 40. g4
{[%clk 00:27:36]} {[%emt 00:00:02]} a4 {[%clk 00:28:39]} {[%emt 00:00:37]} 41.
a3 {[%clk 00:26:59]} {[%emt 00:00:47]} bxa3 {[%clk 00:26:55]} {[%emt 00:01:54]}
42. g5 {[%clk 00:27:04]} {[%emt 00:00:05]} hxg5 {[%clk 00:27:00]} {[%emt
00:00:04]} 43. Kxg5 {[%clk 00:27:08]} {[%emt 00:00:06]} a2 {[%clk 00:27:07]}
{[%emt 00:00:04]} 44. f5 {[%clk 00:27:10]} {[%emt 00:00:08]} a1=B {[%clk
00:27:07]} {[%emt 00:00:10]} 45. Kf4 {[%clk 00:27:05]} {[%emt 00:00:15]} Bf6
{[%clk 00:27:06]} {[%emt 00:00:10]} 46. Ke3 {[%clk 00:27:10]} {[%emt 00:00:06]}
a3 {[%clk 00:27:13]} {[%emt 00:00:03]} 47. Kd2 {[%clk 00:27:19]} {[%emt
00:00:02]} a2 {[%clk 00:27:18]} {[%emt 00:00:05]} 48. Kc2 {[%clk 00:27:26]}
{[%emt 00:00:02]} a1=Q {[%clk 00:27:22]} {[%emt 00:00:07]} 49. Kb3 {[%clk
00:27:24]} {[%emt 00:00:11]} Qa5 {[%clk 00:27:25]} {[%emt 00:00:06]} 50. Kc2
{[%clk 00:27:27]} {[%emt 00:00:08]} Qb4 {[%clk 00:27:32]} {[%emt 00:00:03]} 51.
Kd3 {[%clk 00:27:31]} {[%emt 00:00:06]} Qc3+ {[%clk 00:27:34]} {[%emt
00:00:07]} 52. Ke2 {[%clk 00:27:39]} {[%emt 00:00:03]} Ke4 {[%clk 00:27:35]}
{[%emt 00:00:08]} 53. Kd1 {[%clk 00:27:42]} {[%emt 00:00:08]} Qb2 {[%clk
00:27:39]} {[%emt 00:00:04]} 54. Ke1 {[%clk 00:27:51]} {[%emt 00:00:03]} Ke3
{[%clk 00:27:41]} {[%emt 00:00:08]} 55. Kd1 {[%clk 00:27:51]} {[%emt 00:00:11]}
0-1

[Event "ABC-4 2025 Groep B"]
[Site "Utrecht"]
[Date "2025.03.16"]
[Round "6.4"]
[White "Heus, Daan"]
[Black "Lopes, Samuel"]
[Result "0-1"]
[WhiteFideId "8814652"]
[BlackFideId "8763414"]
[WhiteElo "1956"]
[BlackElo "2017"]

1. c4 {[%clk 00:55:15]} {[%emt 00:00:05]} e6 {[%clk 00:55:06]} {[%emt
00:00:15]} 2. d4 {[%clk 00:55:20]} {[%emt 00:00:04]} d5 {[%clk 00:55:07]}
{[%emt 00:00:08]} 3. Nf3 {[%clk 00:55:24]} {[%emt 00:00:06]} Nf6 {[%clk
00:54:58]} {[%emt 00:00:19]} 4. g3 {[%clk 00:55:30]} {[%emt 00:00:05]} dxc4
{[%clk 00:54:59]} {[%emt 00:00:10]} 5. Bg2 {[%clk 00:55:35]} {[%emt 00:00:05]}
c5 {[%clk 00:54:53]} {[%emt 00:00:16]} 6. O-O {[%clk 00:54:08]} {[%emt
00:01:37]} Nc6 {[%clk 00:54:48]} {[%emt 00:00:15]} 7. Qa4 {[%clk 00:54:00]}
{[%emt 00:00:18]} Bd7 {[%clk 00:54:42]} {[%emt 00:00:16]} 8. Qxc4 {[%clk
00:53:53]} {[%emt 00:00:17]} b5 {[%clk 00:54:39]} {[%emt 00:00:13]} 9. Qd3
{[%clk 00:53:47]} {[%emt 00:00:16]} c4 {[%clk 00:54:42]} {[%emt 00:00:08]} 10.
Qc2 {[%clk 00:53:10]} {[%emt 00:00:47]} Rc8 {[%clk 00:53:40]} {[%emt 00:01:12]}
11. e4 {[%clk 00:51:15]} {[%emt 00:02:05]} Be7 {[%clk 00:52:04]} {[%emt
00:01:45]} 12. Rd1 {[%clk 00:46:46]} {[%emt 00:04:40]} O-O {[%clk 00:50:40]}
{[%emt 00:01:33]} 13. Bg5 {[%clk 00:43:03]} {[%emt 00:03:53]} a5 {[%clk
00:48:08]} {[%emt 00:02:43]} 14. Qe2 {[%clk 00:35:48]} {[%emt 00:07:25]} h6
{[%clk 00:47:22]} {[%emt 00:00:55]} 15. Bf4 {[%clk 00:31:29]} {[%emt 00:04:29]}
Nb4 {[%clk 00:41:48]} {[%emt 00:05:45]} 16. Ne5 {[%clk 00:29:19]} {[%emt
00:02:20]} Be8 {[%clk 00:40:48]} {[%emt 00:01:10]} 17. Nc3 {[%clk 00:25:30]}
{[%emt 00:04:00]} Na6 {[%clk 00:35:51]} {[%emt 00:05:07]} 18. d5 {[%clk
00:23:31]} {[%emt 00:02:09]} exd5 {[%clk 00:35:39]} {[%emt 00:00:22]} 19. Nxd5
{[%clk 00:22:05]} {[%emt 00:01:36]} Nxd5 {[%clk 00:34:39]} {[%emt 00:01:11]} 20.
exd5 {[%clk 00:19:30]} {[%emt 00:02:44]} Nb8 {[%clk 00:24:25]} {[%emt
00:10:24]} 21. Nc6 {[%clk 00:16:38]} {[%emt 00:03:02]} Bxc6 {[%clk 00:23:15]}
{[%emt 00:01:20]} 22. dxc6 {[%clk 00:16:37]} {[%emt 00:00:11]} Qe8 {[%clk
00:23:14]} {[%emt 00:00:11]} 23. c7 {[%clk 00:15:14]} {[%emt 00:01:33]} Na6
{[%clk 00:22:04]} {[%emt 00:01:20]} 24. Bb7 {[%clk 00:14:27]} {[%emt 00:00:57]}
Rxc7 {[%clk 00:22:03]} {[%emt 00:00:11]} 25. Bxc7 {[%clk 00:13:42]} {[%emt
00:00:56]} Nxc7 {[%clk 00:22:09]} {[%emt 00:00:03]} 26. Rd2 {[%clk 00:08:55]}
{[%emt 00:04:57]} Ne6 {[%clk 00:21:45]} {[%emt 00:00:34]} 27. Rad1 {[%clk
00:07:41]} {[%emt 00:01:23]} Nc5 {[%clk 00:19:02]} {[%emt 00:02:54]} 28. Be4
{[%clk 00:07:02]} {[%emt 00:00:49]} Bg5 {[%clk 00:17:38]} {[%emt 00:01:34]} 29.
f4 {[%clk 00:02:01]} {[%emt 00:05:11]} Nxe4 {[%clk 00:16:42]} {[%emt 00:01:06]}
30. Re1 {[%clk 00:01:09]} {[%emt 00:01:02]} Bxf4 {[%clk 00:14:35]} {[%emt
00:02:18]} 31. gxf4 {[%clk 00:01:09]} {[%emt 00:00:10]} f5 {[%clk 00:14:38]}
{[%emt 00:00:07]} 32. Rdd1 {[%clk 00:00:42]} {[%emt 00:00:37]} Qg6+ {[%clk
00:13:49]} {[%emt 00:00:58]} 33. Qg2 {[%clk 00:00:51]} {[%emt 00:00:01]} Qb6+
{[%clk 00:13:54]} {[%emt 00:00:05]} 34. Kf1 {[%clk 00:00:47]} {[%emt 00:00:14]}
Rf6 {[%clk 00:13:32]} {[%emt 00:00:32]} 35. Rxe4 {[%clk 00:00:32]} {[%emt
00:00:25]} fxe4 {[%clk 00:12:07]} {[%emt 00:01:35]} 36. Qxe4 {[%clk 00:00:41]}
{[%emt 00:00:01]} Qc7 {[%clk 00:11:00]} {[%emt 00:01:17]} 37. Qe8+ {[%clk
00:00:41]} {[%emt 00:00:10]} Rf8 {[%clk 00:10:34]} {[%emt 00:00:35]} 38. Qe6+
{[%clk 00:00:31]} {[%emt 00:00:20]} Kh8 {[%clk 00:10:28]} {[%emt 00:00:16]} 39.
f5 {[%clk 00:00:22]} {[%emt 00:00:18]} Qf4+ {[%clk 00:10:06]} {[%emt 00:00:33]}
40. Kg2 {[%clk 00:00:13]} {[%emt 00:00:19]} Qg4+ {[%clk 00:10:09]} {[%emt
00:00:06]} 0-1

[Event "ABC-4 2025 Groep B"]
[Site "Utrecht"]
[Date "2025.03.16"]
[Round "6.5"]
[White "Hylarides, Charlie Ronald"]
[Black "De Wit, Evan"]
[Result "1-0"]
[WhiteFideId "9041758"]
[BlackFideId "8935949"]
[WhiteElo "1923"]
[BlackElo "2049"]

1. d4 {[%clk 00:55:16]} {[%emt 00:00:02]} Nf6 {[%clk 00:55:06]} {[%emt
00:00:14]} 2. Bg5 {[%clk 00:55:16]} {[%emt 00:00:10]} Ne4 {[%clk 00:55:05]}
{[%emt 00:00:12]} 3. h4 {[%clk 00:55:09]} {[%emt 00:00:17]} c5 {[%clk
00:54:53]} {[%emt 00:00:22]} 4. d5 {[%clk 00:55:10]} {[%emt 00:00:08]} h6
{[%clk 00:54:51]} {[%emt 00:00:12]} 5. Bf4 {[%clk 00:54:35]} {[%emt 00:00:45]}
e6 {[%clk 00:54:14]} {[%emt 00:00:48]} 6. f3 {[%clk 00:44:44]} {[%emt
00:10:00]} Nf6 {[%clk 00:53:16]} {[%emt 00:01:08]} 7. Nc3 {[%clk 00:43:31]}
{[%emt 00:01:23]} d6 {[%clk 00:52:20]} {[%emt 00:01:06]} 8. e4 {[%clk
00:41:06]} {[%emt 00:02:34]} Nh5 {[%clk 00:49:26]} {[%emt 00:03:03]} 9. Nge2
{[%clk 00:39:03]} {[%emt 00:02:14]} Nxf4 {[%clk 00:48:52]} {[%emt 00:00:44]} 10.
Nxf4 {[%clk 00:39:05]} {[%emt 00:00:07]} e5 {[%clk 00:48:26]} {[%emt 00:00:37]}
11. Bb5+ {[%clk 00:38:25]} {[%emt 00:00:51]} Bd7 {[%clk 00:47:37]} {[%emt
00:00:59]} 12. Bxd7+ {[%clk 00:36:12]} {[%emt 00:02:23]} Nxd7 {[%clk 00:47:19]}
{[%emt 00:00:28]} 13. Nfe2 {[%clk 00:34:36]} {[%emt 00:01:45]} g6 {[%clk
00:46:28]} {[%emt 00:01:01]} 14. a4 {[%clk 00:32:40]} {[%emt 00:02:06]} a6
{[%clk 00:45:59]} {[%emt 00:00:40]} 15. Qd2 {[%clk 00:31:39]} {[%emt 00:01:10]}
h5 {[%clk 00:45:30]} {[%emt 00:00:40]} 16. Nc1 {[%clk 00:28:58]} {[%emt
00:02:51]} Bh6 {[%clk 00:44:57]} {[%emt 00:00:42]} 17. Qe2 {[%clk 00:28:58]}
{[%emt 00:00:10]} Rc8 {[%clk 00:40:29]} {[%emt 00:04:38]} 18. Nb3 {[%clk
00:27:49]} {[%emt 00:01:19]} f5 {[%clk 00:38:32]} {[%emt 00:02:07]} 19. g4
{[%clk 00:25:18]} {[%emt 00:02:41]} hxg4 {[%clk 00:34:22]} {[%emt 00:04:21]} 20.
fxg4 {[%clk 00:24:54]} {[%emt 00:00:33]} Bf4 {[%clk 00:34:20]} {[%emt
00:00:12]} 21. gxf5 {[%clk 00:22:27]} {[%emt 00:02:37]} gxf5 {[%clk 00:27:14]}
{[%emt 00:07:17]} 22. Qg2 {[%clk 00:21:14]} {[%emt 00:01:23]} Qf6 {[%clk
00:25:53]} {[%emt 00:01:31]} 23. Ne2 {[%clk 00:19:20]} {[%emt 00:02:04]} fxe4
{[%clk 00:21:15]} {[%emt 00:04:48]} 24. Nxf4 {[%clk 00:16:55]} {[%emt
00:02:36]} exf4 {[%clk 00:19:34]} {[%emt 00:01:51]} 25. Qxe4+ {[%clk 00:15:02]}
{[%emt 00:02:03]} Qe5 {[%clk 00:19:36]} {[%emt 00:00:08]} 26. Nd2 {[%clk
00:14:58]} {[%emt 00:00:14]} Nf6 {[%clk 00:19:09]} {[%emt 00:00:37]} 27. Qxe5+
{[%clk 00:13:52]} {[%emt 00:01:16]} dxe5 {[%clk 00:19:14]} {[%emt 00:00:05]} 28.
Nc4 {[%clk 00:13:51]} {[%emt 00:00:11]} Rd8 {[%clk 00:18:52]} {[%emt 00:00:32]}
29. Nxe5 {[%clk 00:13:47]} {[%emt 00:00:14]} Rh5 {[%clk 00:16:52]} {[%emt
00:02:11]} 30. Nd3 {[%clk 00:13:31]} {[%emt 00:00:25]} Nxd5 {[%clk 00:16:34]}
{[%emt 00:00:29]} 31. O-O-O {[%clk 00:13:20]} {[%emt 00:00:21]} b6 {[%clk
00:15:32]} {[%emt 00:01:12]} 32. Nxf4 {[%clk 00:12:55]} {[%emt 00:00:35]} Nxf4
{[%clk 00:14:13]} {[%emt 00:01:30]} 33. Rhe1+ {[%clk 00:12:58]} {[%emt
00:00:06]} Ne6 {[%clk 00:14:09]} {[%emt 00:00:14]} 34. Rxe6+ {[%clk 00:13:00]}
{[%emt 00:00:08]} Kf7 {[%clk 00:14:12]} {[%emt 00:00:08]} 35. Rxb6 {[%clk
00:12:16]} {[%emt 00:00:54]} Rxd1+ {[%clk 00:13:23]} {[%emt 00:00:59]} 36. Kxd1
{[%clk 00:12:20]} {[%emt 00:00:05]} Rxh4 {[%clk 00:13:28]} {[%emt 00:00:05]} 37.
Rxa6 {[%emt 00:00:16]} Rb4 {[%clk 00:13:26]} 38. Kc1 {[%clk 00:11:55]} {[%emt
00:00:41]} Ke7 {[%clk 00:13:27]} {[%emt 00:00:09]} 39. b3 {[%clk 00:10:52]}
{[%emt 00:01:12]} Kd7 {[%clk 00:13:06]} {[%emt 00:00:31]} 40. Kb2 {[%clk
00:10:11]} {[%emt 00:00:51]} Kc7 {[%clk 00:13:10]} {[%emt 00:00:06]} 41. Kc3
{[%clk 00:09:53]} {[%emt 00:00:28]} Rg4 {[%clk 00:12:46]} {[%emt 00:00:33]} 42.
Rh6 {[%clk 00:09:13]} {[%emt 00:00:49]} Kb7 {[%clk 00:12:23]} {[%emt 00:00:35]}
43. a5 {[%clk 00:07:23]} {[%emt 00:02:00]} Rf4 {[%clk 00:12:02]} {[%emt
00:00:30]} 44. a6+ {[%clk 00:06:27]} {[%emt 00:01:07]} Ka7 {[%clk 00:11:57]}
{[%emt 00:00:14]} 45. Rc6 {[%clk 00:06:25]} {[%emt 00:00:12]} Rf5 {[%clk
00:11:24]} {[%emt 00:00:43]} 46. Kc4 {[%clk 00:06:11]} {[%emt 00:00:24]} Rf2
{[%clk 00:11:08]} {[%emt 00:00:26]} 47. Kb5 {[%emt 00:01:18]} 1-0